000 00906nam a2200229 4500
003 CO-ViMGA
020 _a978-958-8912-69-1
040 _aCO-ViMGA
_bspa
_cCO-ViMGA
082 0 4 _a025.524
_bS13c
100 1 _aSchmidt, Eric,
_d1955-
_99563
245 1 0 _aCómo trabaja Google /
_cEric Schmidt y Jonathan Rosenberg ; con Alan Eagle ; prólogo de Larry Page ; [ilustraciones, Nishant Choksi ; traducción, Vicente Herrasti]
260 _aBogotá :
_bAguilar,
_c 2015 (2016)
300 _a383 p. :
_bil., diagr., fot. byn ; 23 cm
650 1 4 _aGoogle
_xAdministración
_99564
650 1 4 _aMotores de búsqueda
_xAdministración
_zEstados Unidos
_99565
700 1 _aChoksi, Nishant,
_eilustrador
_99569
700 1 _aEagle, Alan
_99567
700 1 _aHerrasti, Vicente,
_etraductor
_99570
700 1 _aPage, Larry,
_d 1973-
_eprólogo
_99568
700 1 _aRosenberg, Jonathan,
_d1961-
_99566
942 _2ddc
_cBK
999 _c37971
_d37971